Music Quiz

Random Music or Album Quiz
Score 0/26 Timer 06:00
1 Play Today
Mash-up Band % Correct
Dark Wall Animals Were HerePink Floyd
92.2%
A Hard Lonely Rubber Road The Beatles
90.4%
By the Mother's Sex MagikRed Hot Chili Peppers
74.7%
Amnesiac Computer KidRadiohead
69%
Use Your Chinese DestructionGuns N' Roses
67.5%
Icky White Elephant BehindThe White Stripes
66.6%
And Justice for Magnetic Anger LoadMetallica
61.8%
Scary Hunky Dance from MarsDavid Bowie
61.7%
A Rush of Parachutes or DeathColdplay
61.2%
Waiting for Strange L.A. HotelThe Doors
58.8%
American Dance Floor PrayerMadonna
50.6%
Take Off Your Enema DudeBlink-182
50%
Blonde Blood Desire RevisitedBob Dylan
49.7%
Mash-up Band % Correct
Out of Hi-Fi Monster PeopleR.E.M.
46.7%
A Farewell to Permanent PicturesRush
40.5%
Aquemini Love Below IdlewildOutkast
35%
No More Wicked Blizzard MoonOzzy Osbourne
33.5%
Vulgaris Lullabies for the DeafQueens of the Stone Age
31.8%
Strangeways Murder the QueenThe Smiths
31.4%
Pretty Fragile SpiralNine Inch Nails
31.2%
Steady Kingdom of SaturnNo Doubt
23.4%
Countdown to Rust ...So What!Megadeth
23.3%
Remain in Fear of Buildings and FoodTalking Heads
23.2%
Starless Crimson Islands in AspicKing Crimson
22.8%
Mellow Vultures Change InformationBeck
21.3%
Daydream Sister, Dirty GooSonic Youth
19.7%

You're not logged in!

Compare scores with friends on all Sporcle quizzes.
OR
Log In

Sporcle TV

Today on Sporcle TV


Watch our educational content, quiz creation guides, and fun videos on Sporcle TV.

Show Comments

Extras

Top Quizzes Today


Score Distribution

Paid Content

Your Account Isn't Verified!

In order to create a playlist on Sporcle, you need to verify the email address you used during registration. Go to your Sporcle Settings to finish the process.

Report this User

Report this user for behavior that violates our Community Guidelines.

Details: